000 01173nam a22002537a 4500
005 20120614170415.0
008 081007t xxu||||| |||| 00| 0 mar d
010 _aMAR-22280
020 _c140.00
_a9788184983760
035 _aMR-14938
037 _bD.B.Act /pub
082 _a891.463
100 _aमाडगूळकर, व्यंकटेश
_949115
245 _aकोवळे दिवस /
_cव्यंकटेश माडगूळकर
246 _aKovale Divas
_bby Vyankatesh Madgulkar
250 _aपाचवी आवृत्ती
260 _aपुणे
_bमेहता पब्लिशिंग हाऊस
_c2012
270 _bपुणे
_a1941,सदाशिव पेठ,मॉडीवाले कॉलनी
_e-30
300 _a136पृ.
_c22 सेमी(अजिल्द)
650 _aमराठी कादंबरी
_950227
650 _aMarathi Fiction
_950228
942 _2ddc
_cMR
_mमाडगू
_h891.463
999 _c68442
_d68442